01280 2200385 4500001002100000005001500021035002000036007000300056040001700059100003200076245019700108250001300305300004200318041000800360082001100368090001800379264003100397336002100428337003000449338002300479850001000502008004100512650002400553020002200577084001700599500001100616700004800627700004300675700004300718700004000761990002300801990002300824990002300847990002400870INLIS00000000000571720260426122036 a0010-0222000807ta aSBPUPADbInd0 aMichael P.TodaroePengarang1 aEconomic Development /Ninth Edition = Pembangunan Ekonomi/ Edisi Kesembilan, Jilid Dua /cMichael P.Todaro + Editor ke-1: Devri Barnadi , Editor ke-2 : Wibi Hardani + Penerjemah : Andri Yelvi a.-cet.15 axix, 459 hlm. :billus. ;c19 X 23 cm0 aInd a330.12 a332 HAR m 9-2 aJakarta :bErlangga,c2006 2rdacontentaTeks 2rdamediaaTanpa Perantara 2rdacarrieraVolume aPUPAD260426 0  4aPembangunan Ekonomi a978-979-033-739-8 a330.12 TOO p aIndeks1 aPengarang ke-2 : Stephen C.SmithePengarang0 aEditor ke-1 : Devri BarnadiePengarang0 aEditor ke-3 : Wibi HardaniePengarang0 aPenerjemah : Andri YelviePengarang a17988/Br-KAPD/2012 a17990/BR-KAPD/2012 a17987/BR-KAPD/2012 a17989//BR-KAPD/2012